| 000 | 00358nam a2200145Ia 4500 | ||
|---|---|---|---|
| 008 | 240624s9999 xx 000 0 und d | ||
| 041 | _aeng | ||
| 082 | _a657 BHA | ||
| 100 | _aBHATT R C | ||
| 245 | _aQUESTION BANK WITH MODEL TEST PAPERS | ||
| 250 | _a(3rd ed.) | ||
| 260 |
_c2009 _aNew Delhi _bTaxman's |
||
| 300 | _a776 : p. : cm. ; 26 | ||
| 365 |
_cRS _b25 |
||
| 999 |
_c14212 _d14212 |
||